Wszystkie powiaty w Polsce na literę K - Statystyki

Ogólne statystyki
  • Ten quiz został rozwiązany 104 razy
  • Średni wynik to 29 z 39
Statystyki odpowiedzi
Podpowiedź Odpowiedź % Poprawnych
miasto Kraków
96%
miasto Kalisz
94%
miasto Katowice
94%
krakowski
94%
kaliski
91%
miasto Kielce
91%
miasto Koszalin
90%
kielecki
89%
kołobrzeski
89%
miasto Konin
89%
koszaliński
89%
kolski
85%
koniński
85%
krośnieński
84%
krośnieński
84%
miasto Krosno
83%
kartuski
77%
kętrzyński
77%
krapkowicki
77%
kwidzyński
77%
kluczborski
76%
kościerski
72%
kutnowski
70%
kamieński
68%
krasnostawski
68%
kraśnicki
67%
kłobucki
66%
kędzierzyńsko-kozielski
65%
kolneński
63%
krotoszyński
63%
kolbuszowski
62%
konecki
62%
kościański
62%
kłodzki
61%
kępiński
57%
kamiennogórski
55%
kozienicki
54%
kazimierski
45%
karkonoski
40%
Nie znaleziono quizów pasujących do podanych kryteriów
Rozkład punktacji
Procent ludzi z każdym wynikiem
Percentyl według liczby udzielonych odpowiedzi
Twoja historia wyników
Nie rozwiązałeś tego quizu